Sports Quiz

Random Sports or Baseball Quiz

MLB Triple Crown Winners Quiz Stats

 Plays Quiz Updated Jul 12, 2019

Score 0/14 Timer 04:00
4 Plays Today
Year Player % Correct
2012Miguel Cabrera
95.8%
1942Ted Williams
90.9%
1947Ted Williams
90.9%
1956Mickey Mantle
89.3%
1967Carl Yastrzemski
84.3%
1934Lou Gehrig
82.1%
1909Ty Cobb
81.4%
Year Player % Correct
1966Frank Robinson
79.9%
1933Jimmie Foxx
66.1%
1922Rogers Hornsby
56.9%
1925Rogers Hornsby
56.9%
1937Joe Medwick
32.6%
1901Nap Lajoie
30.4%
1933Chuck Klein
27.7%

You're not logged in!

Compare scores with friends on all Sporcle quizzes.
OR
Log In

Sporcle TV

Today on Sporcle TV


Watch our educational content, quiz creation guides, and fun videos on Sporcle TV.

Show Comments

Extras

Top Quizzes Today


Score Distribution

Your Account Isn't Verified!

In order to create a playlist on Sporcle, you need to verify the email address you used during registration. Go to your Sporcle Settings to finish the process.

Report this User

Report this user for behavior that violates our Community Guidelines.

Details: